| 000 | 00922nam a2200241 i 4500 | ||
|---|---|---|---|
| 001 | 27296 | ||
| 003 | ES-MaACL | ||
| 005 | 20230906153607.0 | ||
| 007 | t| | ||
| 008 | 030114s1984 cl ||||1| spa d | ||
| 100 | 1 |
_aAranguiz Sánchez, Santiago. _922310 |
|
| 245 | 1 | 4 |
_aLos museos de Chile _b: diagnóstico / _ctexto, Santiago Aranguiz Sánchez, Jorge Betancur B. ; prólogo, Enrique Campos Menéndez. |
| 250 | _a1ª ed. | ||
| 260 |
_aSantiago de Chile : _bDirección de Bibliotecas, Archivos y Museos, Ministerio de Educación Pública, _c1984. |
||
| 300 |
_a359 p. : _bil. ; _c25 cm. |
||
| 490 | 1 |
_aChile y su cultura. Serie museos nacionales ; _v8 |
|
| 650 | 4 |
_aMuseos- _zChile. _9142087 |
|
| 700 | 1 |
_aBetancur B., Jorge. _928641 |
|
| 700 | 1 |
_aCampos Menéndez, Enrique. _934278 |
|
| 830 | 0 |
_aChile y su cultura. Serie museos nacionales ; _v8 _9229208 |
|
| 852 | 4 |
_aES-MaACL _jG-13327 |
|
| 999 |
_c27296 _d27296 |
||